Normal view
MARC view
- Chen, Lianshan
Entry Personal Name
001 - CONTROL NUMBER
- control field: 125590
003 - CONTROL NUMBER IDENTIFIER
- control field: NUST
005 - DATE AND TIME OF LATEST TRANSACTION
- control field: 20240902154212.0
008 - FIXED-LENGTH DATA ELEMENTS
- fixed length control field: 240902|| aca||aabn | a|a d
040 ## - CATALOGING SOURCE
- Original cataloging agency: NUST
- Transcribing agency: NUST
100 ## - HEADING--PERSONAL NAME
- Personal name: Chen, Lianshan
670 ## - SOURCE DATA FOUND
- Source citation: Work cat.: (NUST)0: Chen, Lianshan., Chinese myths & legends :, 2009.
